| 000 | 00893nam a2200277 4500 | ||
|---|---|---|---|
| 003 | OSt | ||
| 005 | 20260530115306.0 | ||
| 008 | 260421b1979 mx |||| |||| 00| 0 spa d | ||
| 020 | _a9682303869 | ||
| 040 |
_aICI _bspa _cICI |
||
| 050 | 4 |
_aHD85.E8 _b Z35 |
|
| 100 | 1 |
_a Zaid, Gabriel _932046 |
|
| 245 | 1 | 3 |
_aEl progreso improductivo _cpor Gabriel Zaid |
| 264 | 1 |
_bSiglo XXI _c1979 _a México |
|
| 300 |
_a387 páginas _c21.0 cm |
||
| 336 |
_atexto _2rdacontent |
||
| 337 |
_asin medio _2rdamedia |
||
| 338 |
_avolumen _2rdacarrier |
||
| 490 | 0 | _a Economía y demografía | |
| 500 | _aReimpresiones: (2a, 1979) -- (3a, 1981) -- (4a, 1984) -- (5a, 1987) | ||
| 650 | 4 |
_aDesarrollo económico _914795 |
|
| 650 | 4 |
_a Desarrollo económico _xAspectos sociales _932047 |
|
| 651 | 4 |
_a México _x Condiciones sociales _9810 |
|
| 651 | 4 |
_aMéxico _xCondiciones económicas _92842 |
|
| 942 |
_2ddc _cBK |
||
| 999 |
_c13111 _d13111 |
||